[Event "Madrid-ch Previa-B"]
[Site "Madrid"]
[Date "2014.03.06"]
[Round "1"]
[White "Martinez Rubio, Felipe"]
[Black "Dierssen Garcia Barredo, Guillermo"]
[Result "1/2-1/2"]
[WhiteElo "1805"]
[BlackElo "2001"]
[PlyCount "82"]
[EventDate "2014.03.06"]
[EventType "swiss"]
[EventRounds "9"]
[EventCountry "ESP"]
[SourceTitle "CBM 159 Extra"]
[Source "ChessBase"]
[SourceDate "2014.04.24"]
[SourceVersion "1"]
[SourceVersionDate "2014.04.24"]
[SourceQuality "1"]

1. d4 e6 2. Nf3 Nf6 3. Bf4 c5 4. e3 b6 5. Nbd2 Bb7 6. Bd3 Be7 7. Qe2 d6 8. c3 0-0 9. h3 Nbd7 10. 0-0 Re8 11. Nc4 Qc7 12. Rad1 Bf8 13. Bg3 Bc6 14. Ncd2 Rad8 15. Rfe1 Qc8 16. e4 e5 17. d5 Bb7 18. Bb5 a6 19. Bd3 b5 20. c4 b4 21. Bc2 Nb6 22. b3 h6 23. Nh2 g6 24. f4 Nh5 25. Qf3 Nxg3 26. Qxg3 exf4 27. Qxf4 Nd7 28. Ng4 h5 29. Nh6+ Bxh6 30. Qxh6 Ne5 31. Rf1 Qc7 32. Rf6 Qe7 33. Rdf1 Qf8 34. Qg5 Qg7 35. Qf4 Bc8 36. Nf3 Rd7 37. Nxe5 Rxe5 38. Qg3 a5 39. Qf3 Qh7 40. Qg3 Qg7 41. Qf4 Ba6 1/2-1/2

[Event "Madrid-ch sf-A"]
[Site "Madrid"]
[Date "2013.03.19"]
[Round "6"]
[White "Martos de la Vega, Alvaro"]
[Black "Dierssen Garcia Barredo, Guillermo"]
[Result "1/2-1/2"]
[WhiteElo "1973"]
[BlackElo "1887"]
[PlyCount "102"]
[EventDate "2013.03.11"]
[EventType "swiss"]
[EventRounds "9"]
[EventCountry "ESP"]
[SourceTitle "CBM 153 Extra"]
[Source "ChessBase"]
[SourceDate "2013.04.22"]
[SourceVersion "1"]
[SourceVersionDate "2013.04.22"]
[SourceQuality "1"]

1. d4 Nf6 2. c4 e6 3. g3 Bb4+ 4. Bd2 Qe7 5. Bg2 Nc6 6. Nf3 0-0 7. 0-0 Bxd2 8. Nbxd2 d6 9. e4 e5 10. d5 Nb8 11. b4 a5 12. a3 Na6 13. Re1 Bd7 14. Qb3 Nh5 15. Nh4 g6 16. Rab1 f5 17. exf5 g5 18. Nhf3 Bxf5 19. Rb2 h6 20. Nd4 Bd7 21. Ne6 Bxe6 22. dxe6 c6 23. c5 d5 24. Rxe5 axb4 25. axb4 Nc7 26. Nf1 Rf6 27. Rbe2 Ng7 28. Bh3 Ngxe6 29. Ne3 Qf7 30. Nf5 Qh5 31. g4 Ra1+ 32. Re1 Rxe1+ 33. Rxe1 Qf7 34. Qe3 Nf4 35. Bf1 Re6 36. Qd2 Qf6 37. Rxe6 Ncxe6 38. Qa2 Nd8 39. Qa8 Nfe6 40. Qc8 Kh7 41. Qd7+ Qf7 42. Qd6 Qf6 43. Bd3 Qa1+ 44. Bf1 Qd1 45. Qe7+ Kg6 46. Qe8+ Kh7 47. h3 Qe1 48. Ne7 Kg7 49. Nf5+ Kh7 50. Qd7+ Kg6 51. Qe8+ Kh7 1/2-1/2

[Event "Madrid-ch sf-A"]
[Site "Madrid"]
[Date "2013.03.13"]
[Round "3"]
[White "Saber, Salah"]
[Black "Dierssen Garcia Barredo, Guillermo"]
[Result "0-1"]
[WhiteElo "1863"]
[BlackElo "1887"]
[PlyCount "90"]
[EventDate "2013.03.11"]
[EventType "swiss"]
[EventRounds "9"]
[EventCountry "ESP"]
[SourceTitle "CBM 153 Extra"]
[Source "ChessBase"]
[SourceDate "2013.04.22"]
[SourceVersion "1"]
[SourceVersionDate "2013.04.22"]
[SourceQuality "1"]

1. e4 e5 2. Nf3 Nc6 3. Bb5 a6 4. Ba4 Nf6 5. 0-0 Be7 6. d3 b5 7. Bb3 d6 8. a4 Bd7 9. Nc3 Na5 10. Nd2 Nxb3 11. Nxb3 0-0 12. axb5 axb5 13. Rxa8 Qxa8 14. h3 c5 15. Bg5 h6 16. Bxf6 Bxf6 17. Nd5 Bd8 18. Nd2 Be6 19. c4 bxc4 20. dxc4 f5 21. f3 Qb7 22. Qc2 Qf7 23. Ne3 f4 24. Ng4 h5 25. Nf2 Qg6 26. Ra1 Bh4 27. Nf1 Qg5 28. Qd2 Bxc4 29. Qxd6 Be2 30. Nh2 Bc4 31. Qxc5 Be6 32. Kf1 Qg3 33. Kg1 Rc8 34. Qb6 Bf7 35. Nf1 Qg5 36. Nd2 Rd8 37. Nb3 Kh7 38. Rf1 Bc4 39. Re1 Bxf2+ 40. Qxf2 Bxb3 41. Ra1 h4 42. Qb6 Rd2 43. g4 Bc4 44. Qb4 Qd8 45. Qxc4 Qb6+ 0-1

[Event "Madrid-ch sf-A"]
[Site "Madrid"]
[Date "2013.03.11"]
[Round "1"]
[White "Arauz Alonso, Fernando"]
[Black "Dierssen Garcia Barredo, Guillermo"]
[Result "1-0"]
[WhiteElo "2084"]
[BlackElo "1887"]
[PlyCount "93"]
[EventDate "2013.03.11"]
[EventType "swiss"]
[EventRounds "9"]
[EventCountry "ESP"]
[SourceTitle "CBM 153 Extra"]
[Source "ChessBase"]
[SourceDate "2013.04.22"]
[SourceVersion "1"]
[SourceVersionDate "2013.04.22"]
[SourceQuality "1"]

1. d4 Nf6 2. Nf3 e6 3. e3 c5 4. Bd3 d5 5. b3 b6 6. Nbd2 Bb7 7. Bb2 Be7 8. 0-0 0-0 9. Ne5 Nbd7 10. f4 Ne4 11. Nxe4 dxe4 12. Bc4 Nxe5 13. dxe5 Qxd1 14. Rfxd1 Rfd8 15. Kf2 Rxd1 16. Rxd1 Rd8 17. Ke2 Rxd1 18. Kxd1 h5 19. Bc3 Kf8 20. a4 a5 21. Be2 g6 22. Be1 Bc6 23. h3 h4 24. g3 hxg3 25. Bxg3 Kg7 26. Ke1 Bd8 27. Kf1 Be7 28. Kg1 Bd8 29. Kg2 Be7 30. h4 Kh6 31. Kh3 Bd8 32. h5 gxh5 33. Bh4 Bxh4 34. Kxh4 Kg6 35. Bxh5+ Kg7 36. Kg5 c4 37. Be2 cxb3 38. cxb3 Bd5 39. Bc4 Bc6 40. Ba6 Bd5 41. Bc4 Bc6 42. f5 exf5 43. Kxf5 Bb7 44. e6 Bc8 45. Kxe4 fxe6 46. Ke5 Kf7 47. Kd6 1-0

[Event "San Sebastian de los Reyes op 14th"]
[Site "San Sebastian"]
[Date "2012.12.04"]
[Round "4"]
[White "Jimenez Perez, Federico"]
[Black "Dierssen Garcia Barredo, Guillermo"]
[Result "0-1"]
[WhiteElo "1275"]
[BlackElo "1893"]
[PlyCount "42"]
[EventDate "2012.12.01"]
[EventType "swiss"]
[EventRounds "9"]
[EventCountry "ESP"]
[SourceTitle "CBM 151 Extra"]
[Source "ChessBase"]
[SourceDate "2012.12.18"]
[SourceVersion "1"]
[SourceVersionDate "2012.12.18"]
[SourceQuality "1"]

1. e4 e5 2. Nf3 Nc6 3. Bc4 Nf6 4. Ng5 d5 5. exd5 Na5 6. Bb5+ c6 7. dxc6 bxc6 8. Ba4 h6 9. Nf3 e4 10. Ne5 Qd4 11. Bxc6+ Nxc6 12. Nxc6 Qd5 13. Ne5 Qxe5 14. 0-0 Bd6 15. g3 Bh3 16. d4 Qf5 17. Re1 0-0 18. Nc3 Bg4 19. Qd2 Bf3 20. Re3 Qh3 21. Rxf3 exf3 0-1

[Event "Madrid Oliver Gonzalez Memorial-A 3rd"]
[Site "Madrid"]
[Date "2012.09.08"]
[Round "8"]
[White "Dierssen Garcia Barredo, Guillermo"]
[Black "Corisco Beltran, Rafael"]
[Result "1-0"]
[WhiteElo "1862"]
[BlackElo "1979"]
[PlyCount "49"]
[EventDate "2012.09.01"]
[EventType "swiss"]
[EventRounds "9"]
[EventCountry "ESP"]
[SourceTitle "CBM 150 Extra"]
[Source "ChessBase"]
[SourceDate "2012.10.19"]
[SourceVersion "1"]
[SourceVersionDate "2012.10.19"]
[SourceQuality "1"]

1. e4 c5 2. Nc3 Nc6 3. g3 g6 4. Bg2 Bg7 5. d3 e6 6. Be3 d6 7. Qd2 Nd4 8. Nd1 b5 9. c3 Nc6 10. Ne2 Bb7 11. 0-0 Nge7 12. Bh6 0-0 13. Bxg7 Kxg7 14. d4 Qc7 15. Ne3 f5 16. d5 Nd8 17. Rad1 e5 18. f4 exf4 19. Nxf4 fxe4 20. Ng4 Nf5 21. Bxe4 Bc8 22. Rde1 Nf7 23. Ne6+ Bxe6 24. dxe6 Ne5 25. Nxe5 1-0

[Event "Madrid Oliver Gonzalez Memorial-A 3rd"]
[Site "Madrid"]
[Date "2012.09.02"]
[Round "2"]
[White "Dierssen Garcia Barredo, Guillermo"]
[Black "Gomez Gonzalez, Javier"]
[Result "0-1"]
[WhiteElo "1862"]
[BlackElo "2137"]
[PlyCount "68"]
[EventDate "2012.09.01"]
[EventType "swiss"]
[EventRounds "9"]
[EventCountry "ESP"]
[SourceTitle "CBM 150 Extra"]
[Source "ChessBase"]
[SourceDate "2012.10.19"]
[SourceVersion "1"]
[SourceVersionDate "2012.10.19"]
[SourceQuality "1"]

1. d4 Nf6 2. c4 e6 3. Nc3 b6 4. e4 d6 5. Bd3 c5 6. e5 cxd4 7. Ne4 Nxe4 8. Bxe4 d5 9. Bf3 Nc6 10. Bf4 Bb4+ 11. Bd2 Bxd2+ 12. Qxd2 Nxe5 13. Qxd4 Nxf3+ 14. Nxf3 0-0 15. 0-0-0 Qc7 16. Kb1 Qxc4 17. Qe5 Qe4+ 18. Qxe4 dxe4 19. Ng5 f5 20. Rd6 Re8 21. Rc1 h6 22. Nh3 Kf7 23. Nf4 g5 24. Ne2 Ba6 25. Nd4 Bd3+ 26. Ka1 Rad8 27. Rxd8 Rxd8 28. Rc7+ Kf6 29. Nc6 Rd6 30. b3 f4 31. Nxa7 e3 32. fxe3 fxe3 33. a4 e2 34. Rc1 Ba6 0-1

[Event "Madrid-ch prel-B"]
[Site "Madrid"]
[Date "2012.02.18"]
[Round "7.11"]
[White "Rodriguez Sebastian, Roberto"]
[Black "Dierssen Garcia Barredo, Guillermo"]
[Result "1/2-1/2"]
[WhiteElo "1743"]
[BlackElo "1796"]
[PlyCount "89"]
[EventDate "2012.02.02"]
[EventType "swiss"]
[EventRounds "9"]
[EventCountry "ESP"]
[SourceTitle "EXT 2024"]
[Source "ChessBase"]
[SourceDate "2023.10.10"]
[SourceVersion "1"]
[SourceVersionDate "2023.10.10"]
[SourceQuality "1"]

1. e4 e6 2. d4 d5 3. Nd2 Be7 4. e5 c5 5. c3 Nc6 6. Bb5 Qb6 7. Qb3 Bd7 8. Bxc6 bxc6 9. Qxb6 axb6 10. Ne2 cxd4 11. cxd4 c5 12. 0-0 Nh6 13. Rd1 Nf5 14. Nf3 0-0 15. g4 Nh4 16. Nxh4 Bxh4 17. g5 f6 18. gxf6 gxf6 19. Bh6 Rf7 20. Ng3 Ra4 21. Be3 fxe5 22. b3 exd4 23. bxa4 dxe3 24. fxe3 Rf3 25. Rab1 Bxa4 26. Re1 b5 27. Kg2 Rf7 28. Kh3 Be7 29. Kg2 c4 30. Ne2 Bh4 31. Rf1 Bf6 32. Nd4 Bxd4 33. exd4 Rg7+ 34. Kf3 Kf7 35. Ke3+ Ke7 36. Rf2 Rg4 37. Rf4 Rg2 38. Rf2 Rxf2 39. Kxf2 Kd6 40. Ke3 e5 41. Rf1 e4 42. a3 Ke6 43. Rc1 Kf5 44. h3 h5 45. Rf1+ 1/2-1/2

[Event "San Sebastian de los Reyes op 13th"]
[Site "San Sebastian"]
[Date "2011.12.09"]
[Round "8"]
[White "Dierssen Garcia Barredo, Guillermo"]
[Black "Cavalle Pulla, Daniel"]
[Result "0-1"]
[WhiteElo "1770"]
[BlackElo "1997"]
[PlyCount "102"]
[EventDate "2011.12.02"]
[EventType "swiss"]
[EventRounds "9"]
[EventCountry "ESP"]
[SourceTitle "CBM 145 Extra"]
[Source "ChessBase"]
[SourceDate "2012.01.03"]
[SourceVersion "1"]
[SourceVersionDate "2012.01.03"]
[SourceQuality "1"]

1. d4 Nf6 2. c4 c5 3. d5 b5 4. cxb5 a6 5. bxa6 g6 6. Nc3 Bxa6 7. g3 d6 8. Bg2 Nbd7 9. Nf3 Nb6 10. Rb1 Bc4 11. Nh4 Bxa2 12. Nxa2 Rxa2 13. 0-0 Bg7 14. Qb3 Ra4 15. Qb5+ Nfd7 16. b4 Rxb4 17. Rxb4 cxb4 18. Qxb4 0-0 19. Be3 Qc7 20. Rc1 Qb7 21. Rb1 Rb8 22. Bh3 f5 23. Bg2 Qa6 24. Bf3 Nc4 25. Qe1 Rf8 26. Ng2 Nde5 27. Nf4 Nxe3 28. fxe3 Qa7 29. Qf2 Ng4 30. Bxg4 fxg4 31. Qg2 Qxe3+ 32. Kh1 g5 33. Nd3 Rc8 34. Qf1 Qe4+ 35. Qg2 Qd4 36. Rb4 Rc1+ 37. Nxc1 Qxb4 38. Nd3 Qb1+ 39. Qg1 Qb5 40. Qg2 Bd4 41. h3 gxh3 42. Qxh3 Qxd5+ 43. Kh2 Qe4 44. Qh5 Qe3 45. Kh3 Kg7 46. Ne1 Qe6+ 47. Kg2 Qe4+ 48. Kh2 h6 49. Nd3 Qe3 50. Kh3 Be5 51. Qg4 h5 0-1

[Event "San Sebastian de los Reyes op 13th"]
[Site "San Sebastian"]
[Date "2011.12.05"]
[Round "4"]
[White "Dierssen Garcia Barredo, Guillermo"]
[Black "Ramos del Campo, Alexander"]
[Result "1/2-1/2"]
[WhiteElo "1770"]
[BlackElo "2038"]
[PlyCount "65"]
[EventDate "2011.12.02"]
[EventType "swiss"]
[EventRounds "9"]
[EventCountry "ESP"]
[SourceTitle "CBM 145 Extra"]
[Source "ChessBase"]
[SourceDate "2012.01.03"]
[SourceVersion "1"]
[SourceVersionDate "2012.01.03"]
[SourceQuality "1"]

1. d4 Nf6 2. c4 c5 3. d5 e6 4. Nc3 exd5 5. cxd5 d6 6. e4 g6 7. Bd3 Bg7 8. Nge2 0-0 9. 0-0 Re8 10. Ng3 a6 11. a4 Qc7 12. h3 c4 13. Bc2 Nbd7 14. f4 b6 15. Qf3 Rb8 16. Be3 Nc5 17. Qf2 Nfd7 18. e5 dxe5 19. f5 Nf6 20. Bg5 Rf8 21. fxg6 fxg6 22. Qd2 b5 23. d6 Qb6 24. Kh1 Be6 25. Bxf6 Rxf6 26. Rxf6 Bxf6 27. Nd5 Bxd5 28. Qxd5+ Kg7 29. a5 Qa7 30. Rf1 Rc8 31. Bf5 Rf8 32. Ne4 Nxe4 33. Bxe4 1/2-1/2